| 000 | 00707nam a2200193 a 4500 | ||
|---|---|---|---|
| 001 | 000047163 | ||
| 005 | 20201002053417.0 | ||
| 008 | 180417s2016 dr 000 0 spa d | ||
| 020 | _a9789945084757 (obra completa) | ||
| 040 |
_aDO-SdBNP _bspa _cBNPHU |
||
| 082 |
_axxxx _bxxxx |
||
| 100 | 1 |
_aClemente y Esperanza _qJesus Leyva Guerra _974938 |
|
| 245 | 1 | 3 |
_aEl tesoro del amor del dorado amanecer / _cClemente y Esperanza. |
| 260 |
_a[Santo Domingo] : _bY asociado JLG _bLeyva, Jesús (Clemente y Esperanza), _c2016. _eMiami |
||
| 300 |
_a648 p. ; _c24 cm. |
||
| 490 | 1 | _aEl tesoro del amor del dorado amanecer ; | |
| 590 | _aInventariado, 2018/ YL | ||
| 830 | 0 |
_aEl tesoro del amor del dorado amanecer _974939 |
|
| 999 |
_c46651 _d46651 |
||